[Event "I Open Lido Adriano"]
[Site "Ravenna ITA"]
[Date "2011.04.07"]
[Round "6"]
[White "Molina, Fabrizio"]
[Black "Egan, Colm"]
[Result "1-0"]
[WhiteElo "2220"]
[BlackElo "1996"]
[PlyCount "101"]
[EventDate "2011.04.02"]

1. Nf3 f5 2. c4 e6 3. g3 Nf6 4. Bg2 Be7 5. O-O O-O 6. d3 d6 7. Nc3 e5 8. b4 Qe8
9. Rb1 Qh5 10. Nd5 Nxd5 11. cxd5 f4 12. Qc2 g5 13. Qxc7 Nd7 14. h3 Qh6 15. g4
Bd8 16. Qc4 Nb6 17. Qb3 Bd7 18. b5 Be8 19. Nd2 Nd7 20. Ne4 Bf7 21. Ba3 Be7 22.
Rbc1 Nb6 23. Nd2 Rac8 24. Kh2 Rfd8 25. Be4 Qf8 26. Nb1 Kh8 27. Bb4 Qg8 28. Nc3
Nd7 29. Bf5 Rc7 30. e4 Nc5 31. Qd1 Kg7 32. a4 b6 33. Ba3 Qe8 34. Rb1 Ra8 35.
Qd2 Bg6 36. Bxc5 dxc5 37. Bxg6 Kxg6 38. Nd1 c4 39. Nb2 cxd3 40. Nxd3 Bd6 41.
Rfc1 Rac8 42. Rc6 Rxc6 43. dxc6 Qe7 44. Rd1 Rd8 45. Nb4 Bc7 46. Nd5 Qc5 47. Rc1
Qd6 48. Rc3 Qf8 49. f3 Qd6 50. Rd3 Kg7 51. Nb4 1-0

[Event "I Open Lido Adriano"]
[Site "Ravenna ITA"]
[Date "2011.04.07"]
[Round "6"]
[White "Stark, Lars"]
[Black "Pinho, Paulo"]
[Result "1-0"]
[WhiteElo "2418"]
[BlackElo "2162"]
[PlyCount "63"]
[EventDate "2011.04.02"]

1. c4 Nf6 2. g3 d5 3. cxd5 Nxd5 4. Bg2 Nb6 5. b3 e5 6. Bb2 Bd6 7. Nf3 Qe7 8.
O-O O-O 9. Nc3 Nc6 10. d3 Ba3 11. Bxa3 Qxa3 12. Nd2 Nd4 13. e3 Nf5 14. Qc2 Qe7
15. Rac1 c6 16. Nce4 Rd8 17. Rfd1 Nd5 18. Nc4 b6 19. a3 c5 20. Qb2 f6 21. Ned2
Nh6 22. Re1 Bb7 23. d4 Nf7 24. dxc5 bxc5 25. Na5 Rab8 26. Ne4 Rbc8 27. Qc2 c4
28. b4 Ba8 29. Nc5 Nd6 30. Red1 Nb5 31. Qxc4 Nbc7 32. e4 1-0

[Event "I Open Lido Adriano"]
[Site "Ravenna ITA"]
[Date "2011.04.08"]
[Round "7"]
[White "Hasangatin, Ramil"]
[Black "Svetushkin, Dmitry"]
[Result "1/2-1/2"]
[WhiteElo "2494"]
[BlackElo "2543"]
[PlyCount "78"]
[EventDate "2011.04.02"]

1. e4 c6 2. d4 d5 3. Nd2 dxe4 4. Nxe4 Bf5 5. Nc5 Nd7 6. Bd3 Bxd3 7. Nxd3 Ngf6
8. Nf3 e6 9. O-O Be7 10. Qe2 O-O 11. c4 Qa5 12. b3 Rfd8 13. Bb2 Ba3 14. Bxa3
Qxa3 15. Rfd1 Rac8 16. Rac1 h6 17. h3 b6 18. Rc2 Nf8 19. Nde5 N6d7 20. Rcd2 a5
21. Nxd7 Rxd7 22. Ne5 Rdc7 23. Rd3 Qe7 24. Qd2 Rd8 25. c5 bxc5 26. Qxa5 cxd4
27. Rxd4 Rd5 28. Qe1 Qd6 29. Nf3 Ng6 30. Rxd5 cxd5 31. Rc1 Rxc1 32. Qxc1 Nf4
33. Qc8+ Kh7 34. a4 Qb4 35. Qc2+ f5 36. Kh2 Ng6 37. Qc6 Qxb3 38. Qxe6 Qxa4 39.
Qxd5 Qc2 1/2-1/2

[Event "I Open Lido Adriano"]
[Site "Ravenna ITA"]
[Date "2011.04.08"]
[Round "7"]
[White "Moradiabadi, Elshan"]
[Black "Vovk, Andrey"]
[Result "1/2-1/2"]
[WhiteElo "2537"]
[BlackElo "2528"]
[PlyCount "74"]
[EventDate "2011.04.02"]

1. d4 Nf6 2. c4 g6 3. g3 Bg7 4. Bg2 O-O 5. Nf3 d6 6. O-O Nc6 7. Nc3 a6 8. b3
Rb8 9. Nd5 e6 10. Nxf6+ Qxf6 11. Bb2 Qe7 12. Rc1 e5 13. d5 Nd8 14. Qc2 b6 15.
b4 Nb7 16. Nd2 a5 17. a3 Bd7 18. e4 Ra8 19. Bc3 Bh6 20. Ra1 Ra7 21. Nb3 Rfa8
22. Qb2 Bg7 23. Rfe1 c5 24. dxc6 Bxc6 25. Bd2 Nd8 26. Be3 axb4 27. axb4 Qb7 28.
Rxa7 Rxa7 29. Ra1 Rxa1+ 30. Qxa1 Bd7 31. b5 Bc8 32. Nd2 Bf6 33. Nb1 Ne6 34. Nc3
Nc5 35. Nd5 Bg7 36. Qa3 Be6 37. Bxc5 dxc5 1/2-1/2

[Event "I Open Lido Adriano"]
[Site "Ravenna ITA"]
[Date "2011.04.08"]
[Round "7"]
[White "Nabaty, Tamir"]
[Black "Piscopo, Pierluigi"]
[Result "1-0"]
[WhiteElo "2581"]
[BlackElo "2420"]
[PlyCount "43"]
[EventDate "2011.04.02"]

1. d4 Nf6 2. c4 e6 3. Nc3 Bb4 4. Qb3 c5 5. dxc5 Nc6 6. Nf3 Ne4 7. Bd2 Nxd2 8.
Nxd2 O-O 9. g3 b6 10. Bg2 bxc5 11. O-O Rb8 12. Bxc6 dxc6 13. Rfd1 Ba6 14. Qa4
Qa5 15. Qxa5 Bxa5 16. Na4 Bxd2 17. Rxd2 Bxc4 18. Nxc5 Rb5 19. Nd7 Re8 20. e4
Ra5 21. a4 c5 22. Rc1 1-0

[Event "I Open Lido Adriano"]
[Site "Ravenna ITA"]
[Date "2011.04.08"]
[Round "7"]
[White "Radovanovic, Jovica"]
[Black "Sulskis, Sarunas"]
[Result "0-1"]
[WhiteElo "2299"]
[BlackElo "2564"]
[PlyCount "86"]
[EventDate "2011.04.02"]

1. Nf3 c5 2. e4 e6 3. Nc3 Nc6 4. d4 cxd4 5. Nxd4 Bb4 6. Nxc6 dxc6 7. Qxd8+ Kxd8
8. Bd2 e5 9. O-O-O Ke8 10. Bc4 Nf6 11. f3 a5 12. a4 Ke7 13. Be3 Be6 14. Bxe6
Kxe6 15. Rd3 Rhd8 16. Rhd1 Rxd3 17. Rxd3 Nd7 18. Kd1 Nc5 19. Bxc5 Bxc5 20. Ke2
h5 21. Nd1 h4 22. h3 g6 23. Rb3 b6 24. Nf2 Bd4 25. Nd3 Kd6 26. Ra3 Bg1 27. Ra1
Bh2 28. c4 f5 29. c5+ bxc5 30. Rc1 Rb8 31. Rc4 Bg1 32. Kd1 fxe4 33. fxe4 Be3
34. Kc2 g5 35. Rc3 Bd4 36. Rc4 g4 37. hxg4 Rg8 38. Ne1 Rxg4 39. Kd3 Rg3+ 40.
Ke2 Re3+ 41. Kd1 Rxe4 42. Rc2 Rg4 43. Ke2 e4 0-1

[Event "I Open Lido Adriano"]
[Site "Ravenna ITA"]
[Date "2011.04.08"]
[Round "7"]
[White "Rombaldoni, Denis"]
[Black "Delchev, Aleksander"]
[Result "0-1"]
[WhiteElo "2498"]
[BlackElo "2625"]
[PlyCount "86"]
[EventDate "2011.04.02"]

1. d4 Nf6 2. c4 g6 3. Nc3 d5 4. cxd5 Nxd5 5. Na4 Bg7 6. e4 Nb6 7. Nf3 Bg4 8.
Be3 O-O 9. Nc5 Nc6 10. Nxb7 Qb8 11. Ba6 e5 12. d5 Nb4 13. Nc5 N6xd5 14. exd5 e4
15. h3 exf3 16. hxg4 fxg2 17. Rg1 Nxa6 18. Nxa6 Qxb2 19. Rc1 Bc3+ 20. Rxc3
Qxc3+ 21. Ke2 Qc4+ 22. Qd3 Qxg4+ 23. f3 Qg3 24. Nc5 Rab8 25. Qd4 Rfe8 26. Ne4
Rxe4 27. Qxe4 h5 28. Bxa7 Ra8 29. Bc5 Rxa2+ 30. Kd3 Kh7 31. d6 Qg5 32. Bb4 cxd6
33. f4 Qb5+ 34. Qc4 Qxc4+ 35. Kxc4 h4 36. f5 g5 37. Bxd6 h3 38. Kd3 Rf2 39. Ke3
Rxf5 40. Ke2 g4 41. Bh2 Rf3 42. Rd1 g3 43. Bg1 Rf1 0-1